Galatasaray players (2010-2020) - Statistics

General Stats
  • This quiz has been taken 17 times
  • The average score is 60 of 132
Answer Stats
Rank Player Positions Nationality Matches Goals (assists) Period % Correct
1 Fernando Muslera GK 286 1 (1) 2011-2020
100%
2 Selçuk İnan CM 240 43 (43) 2011-2020
93%
3 Sabri Sarıoğlu RB 167 2 (22) 2010-2017
87%
28 Aydın Yılmaz RW 52 2 (9) 2010-2015
80%
10 Burak Yılmaz ST 105 65 (20) 2012-2016
80%
19 Emmanuel Eboué RB 71 3 (9) 2011-2014
80%
9 Felipe Melo DM 108 13 (11) 2011-2016
80%
5 Semih Kaya CB 143 5 (4) 2011-2017, 2018-2019
80%
8 Umut Bulut ST 114 32 (13) 2012-2016
80%
46 Didier Drogba ST 37 15 (10) 2012-2014
73%
12 Mariano RB 84 2 (16) 2017-2020
73%
16 Ryan Donk CB 79 5 (5) 2015-2016, 2017-2020
73%
13 Sofiane Feghouli AM 83 21 (19) 2017-2020
73%
6 Wesley Sneijder AM 124 35 (32) 2012-2017
73%
30 Yuto Nagatomo LB 47 2 (5) 2017-2020
73%
88 Arda Turan LW 12 2 (2) 2010-2011
67%
21 Eren Derdiyok ST 63 20 (3) 2016-2019
67%
22 Garry Rodrigues LW 61 13 (14) 2016-2019
67%
4 Hakan Balta LB 158 5 (7) 2010-2017
67%
26 Lukas Podolski ST 56 20 (14) 2015-2017
67%
15 Martin Linnes RB 79 2 (9) 2015-2020
67%
78 Ryan Babel LW 15 5 (1) 2019-2020
67%
85 Veysel Sarı CB 14 0 (2) 2013-2015
67%
25 Albert Riera LM 56 3 (8) 2011-2014
60%
14 Aurélien Chedjou CB 81 8 (4) 2013-2017
60%
50 Bafétimbi Gomis ST 34 29 (5) 2017-2019
60%
24 Bruma LW 57 12 (12) 2013-2015, 2016-2017
60%
29 Fernando DM 47 4 (4) 2017-2019
60%
32 Johan Elmander ST 46 16 (8) 2011-2013
60%
35 Marcão CB 43 0 (0) 2018-2020
60%
42 Milan Baros ST 40 17 (8) 2010-2012
60%
40 Ömer Bayram LB 41 2 (12) 2018-2020
60%
74 Radamel Falcao ST 16 10 (1) 2019-2020
60%
48 Tomas Ujfalusi CB 35 1 (1) 2011-2013
60%
17 Younès Belhanda AM 77 12 (19) 2017-2020
60%
44 Alex Telles LB 39 2 (3) 2013-2016
53%
98 Ali Turan CB 9 0 (0) 2010-2011
53%
89 Blerim Dzemaili CM 11 0 (1) 2014-2015
53%
7 Emre Çolak AM 120 9 (14) 2010-2016
53%
23 Hamit Altıntop RM 61 1 (7) 2012-2015, 2016-2017
53%
39 Henry Onyekuru LW 41 15 (7) 2018-2020
53%
33 Maicon CB 45 6 (1) 2017-2019
53%
95 Necati Ateş ST 10 6 (4) 2011-2012
53%
47 Ahmet Çalık CB 36 1 (0) 2016-2020
47%
65 Christian Luyindama CB 21 0 (1) 2018-2020
47%
112 Emin Bayram CB 4 0 (0) 2019-2020
47%
38 Engin Baytar AM 41 3 (7) 2011-2014
47%
93 Iasmin Latovlevici LB 10 0 (1) 2017-2018
47%
120 İsmail Çipe GK 2 0 (0) 2018-2019
47%
103 Izet Hajrovic RW 8 0 (1) 2013-2014
47%
45 Jason Denayer CB 39 0 (3) 2015-2016, 2017-2018
47%
34 Lionel Carole LB 44 0 (4) 2015-2017
47%
115 Lucas Ontivero RW 3 0 (0) 2013-2014
47%
82 Marcelo Saracchi LB 14 2 (4) 2019-2020
47%
77 Mbaye Diagne ST 15 10 (1) 2018-2020
47%
51 Nordin Amrabat RW 34 1 (7) 2012-2014
47%
27 Olcan Adın RW 55 4 (5) 2014-2016
47%
36 Serdar Aziz CB 42 3 (2) 2016-2019
47%
132 Umut Gündoğan CM 1 0 (0) 2013-2014
47%
58 Adem Büyük ST 26 7 (1) 2019-2020
40%
49 Ayhan Akman CM 34 1 (1) 2010-2012
40%
106 Aykut Erçetin GK 7 0 (0) 2010-2012
40%
41 Badou Ndiaye DM 40 4 (7) 2017-2019
40%
72 Barış Özbek CM 17 1 (1) 2010-2011
40%
80 Bogdan Stancu ST 14 2 (2) 2010-2011
40%
86 Çağlar Birinci CB 13 0 (0) 2010-2013
40%
55 Dany Nounkeu CB 30 0 (0) 2012-2014
40%
52 Emre Akbaba AM 33 6 (3) 2018-2020
40%
92 Emre Mor RW 10 0 (0) 2019-2020
40%
87 Emre Taşdemir LB 13 0 (1) 2018-2020
40%
111 Eray İşcan GK 5 0 (0) 2012-2014
40%
99 Florin Andone ST 9 2 (0) 2019-2020
40%
31 Gökhan Zan CB 46 3 (0) 2010-2014
40%
113 Goran Pandev CF 4 0 (0) 2014-2015
40%
130 Guillermo Burdisso CB 1 0 (0) 2013-2014
40%
67 Harry Kewell LW 20 5 (2) 2010-2011
40%
57 Jean Michaël Seri DM 27 2 (3) 2019-2020
40%
110 Jesse Sekidika LW 6 0 (0) 2019-2020
40%
90 Jimmy Durmaz CM 11 0 (0) 2019-2020
40%
81 José Rodríguez CM 14 0 (1) 2015-2016
40%
59 Josué AM 25 2 (3) 2016-2017
40%
70 Juan Pablo Pino RW 19 3 (2) 2010-2011
40%
107 Konstantinos Mitroglou ST 7 1 (1) 2018-2019
40%
56 Koray Günter CB 28 0 (0) 2013-2016, 2017-2018
40%
61 Lorik Cana DM 24 1 (0) 2010-2011
40%
60 Lucas Neill CB 25 0 (1) 2010-2011
40%
68 Mario Lemina DM 20 0 (0) 2019-2020
40%
109 Mehmet Batdal ST 7 0 (1) 2010-2012
40%
66 Mustafa Sarp DM 21 1 (2) 2010-2011
40%
71 Nigel de Jong DM 18 1 (0) 2016-2017
40%
104 Şener Özbayraklı RB 8 0 (0) 2019-2020
40%
43 Servet Çetin CB 40 4 (0) 2010-2012
40%
97 Steven Nzonzi DM 10 0 (1) 2019-2020
40%
69 Tarık Çamdal RB 20 0 (0) 2014-2016
40%
62 Ufuk Ceylan GK 23 0 (0) 2010-2014
40%
11 Yasin Öztekin ST 99 23 (12) 2014-2018
40%
75 Yunus Akgün RW 16 1 (1) 2018-2020
40%
63 Bilal Kısa AM 22 5 (2) 2015-2016
33%
126 Cédric Carrasso GK 1 0 (0) 2017-2018
33%
53 Ceyhun Gülselam DM 32 1 (1) 2011-2014
33%
91 Cris CB 10 1 (0) 2012-2013
33%
73 Emiliano Insúa LB 16 0 (0) 2010-2011
33%
76 Emmanuel Culio CM 15 4 (1) 2010-2011
33%
108 Luis Pedro Cavanda RB 7 0 (0) 2016-2017
33%
94 Muğdat Çelik ST 10 2 (0) 2018-2019
33%
100 Okan Kocuk GK 9 0 (0) 2019-2020
33%
96 Róbinson Zapata GK 10 0 (0) 2010-2011
33%
64 Sercan Yıldırım RW 22 2 (2) 2011-2013
33%
84 Serkan Kurtuluş RB 14 0 (1) 2010-2011
33%
18 Sinan Gümüş RW 75 19 (6) 2014-2019
33%
79 Taylan Antalyalı CM 15 1 (3) 2019-2020
33%
37 Tolga Ciğerci DM 42 6 (0) 2016-2018
33%
20 Yekta Kurtuluş CM 66 2 (2) 2010-2015
33%
128 Cenk Gönen GK 1 0 (0) 2015-2016
27%
54 Colin Kazım-Richards ST 31 5 (9) 2010-2012
27%
102 Elano AM 8 0 (0) 2010-2011
27%
121 Jem Karacan CM 2 0 (0) 2015-2016
27%
83 Ozan Kabak CB 14 0 (0) 2017-2019
27%
125 Sinan Bolat GK 2 0 (0) 2014-2015
27%
101 Zvjezdan Misimovic AM 9 0 (1) 2010-2011
27%
131 Mustafa Kapı CM 1 0 (0) 2018-2019
20%
123 Salih Dursun CB 2 0 (0) 2013-2014
20%
114 Berk Ünsal ST 3 0 (0) 2013-2014
13%
118 Celil Yüksel CM 2 0 (0) 2018-2019
13%
119 Erman Kılıç AM 2 0 (0) 2013-2014
13%
105 Yiğit Gökoğlan RW 8 1 (0) 2011-2012
13%
117 Anıl Dilaver ST 2 1 (0) 2010-2011
7%
127 Cem Sultan ST 1 0 (0) 2010-2011
7%
122 Musa Çağıran DM 2 0 (0) 2010-2011
7%
129 Gökay Güney CB 1 0 (0) 2018-2019
0%
124 Serdar Özkan LW 2 0 (0) 2010-2011
0%
116 Volkan Pala ST 3 0 (0) 2015-2016
0%
No matching quizzes found
Score Distribution
Percent of People with Each Score
Percentile by Number Answered
Your Score History
You have not taken this quiz